[Event "Candidates sf2"]
[Site "Dortmund"]
[Date "2002.07.13"]
[Round "1"]
[White "Bareev, Evgeny"]
[Black "Topalov, Veselin"]
[Result "0-1"]
[WhiteElo "2726"]
[BlackElo "2745"]
[Annotator "Kapengut"]
[PlyCount "92"]
[EventDate "2002.07.13"]
[EventType "match"]
[EventRounds "4"]
[EventCountry "GER"]
[SourceTitle "CBM 090"]
[Source "ChessBase"]
[SourceDate "2002.09.20"]
[SourceVersion "1"]
[SourceVersionDate "2002.09.20"]
[SourceQuality "1"]

1. d4 {Ftacnik} Nf6 2. c4 e6 3. Nc3 c5 4. d5 exd5 5. cxd5 d6 6. e4 g6 7. f4 Bg7
8. Bb5+ Nfd7 9. a4 O-O 10. Nf3 Na6 11. O-O Nb4 {Since Alexander Zaitzev had
begun to play 9.a4, black tried to put knight on b4, but it is usual remained
outside of the game. In this game Topalov has proved a converse.} 12. h3 (12.
Bd2) (12. f5) (12. Kh1) (12. Be3) (12. Re1 $5) 12... a6 13. Bc4 {[#]} (13. Be2
Re8 14. Re1 $6 (14. Be3 Nf6 {*} 15. e5 dxe5 16. Bxc5 Nfxd5 $1 $15) 14... f5 $1
15. exf5 gxf5 16. Bc4 Nb6 (16... Rxe1+ 17. Nxe1 Bd4+ 18. Kh1 Qf6 19. Bd2 Nb6
$15) 17. Rxe8+ Qxe8 18. Bf1 Bd7 19. a5 Nc8 20. Bd2 b5 21. Qb3 h6 22. Na2 Nxa2
23. Qxa2 Ne7 24. Bc3 Qf7 25. Rd1 Re8 26. Kh2 Bc6 27. Bxg7 Kxg7 28. b4 Bxd5 $17
{Hort,V-Panno,O/Madrid 1973}) 13... f5 $1 $146 {[%csl Re4,Re6][%cal Gd7b6,
Gc8f5,Gf3g5,Gg5e6,Ge4e5] Important novelty in a well-known position. This is
one of the main ideas solving the central problems in the Benoni. I think,
this move will have a bright future.} (13... Nf6 $6 14. Re1 $5 (14. Be3 $6 {*}
Nxe4 $5 (14... Re8 $6 15. e5 $1 {[%csl Rf7][%cal Gc4g8,Gf1f7]} Nd7 16. Ng5 h6
17. Ne6 $1 fxe6 18. dxe6 Kh7 19. exd6 $1 Bd4 20. Bxd4 cxd4 21. Ne4 b5 22. f5 $1
{1-0 Van der Peut,A-Houtman,A/cr NLD/M73 1979}) 15. Nxe4 Re8 16. Ne5 $1 dxe5 $5
(16... b6 $6 17. Ng5 dxe5 (17... f6 $5 18. Ne6 Bxe6 19. dxe6 d5 20. Nc6 $1 {
[%csl Rd5]} Nxc6 21. Bxd5 $1 Qc7 22. f5 $16) 18. fxe5 Bh6 {Soos,B-Povah,N/
Birmingham 1977/Inf 23/136} 19. e6 $1 $18) 17. Bxc5 exf4 18. Rxf4 (18. Nd6 $140
$6 Bf8 $1) 18... g5 $5 (18... Be5 $6 19. Rf2 Bf5 20. Bxb4 Bxe4 21. d6 $1 Kh8
22. Bxf7 $18 {De Grott,A-Gouma,R/NLD-ch H corr 1987}) 19. Nd6 gxf4 20. Nxe8
Qxe8 21. Qe1 $5 Qxe1+ 22. Rxe1 Bd7 23. Bxb4 Bxa4 24. d6 Re8 $15) 14... Nd7 (
14... b6 $6 15. e5 Ne8 16. Be3 Ra7 17. Bf2 Bh6 18. Bh4 f6 19. exf6 (19. Ne4
Bxf4 20. Nxf6+ Nxf6 21. Bxf6 Rxf6 $5 22. exf6 Rf7 $14 {[%csl Re6][%cal Ge1e8]})
19... Nxf6 20. Ne4 Bg7 21. Ne5 $5 (21. Ra3 h6 22. g4 Raf7 23. Ne5 dxe5 24. fxe5
g5 25. exf6 gxh4 26. fxg7 Rxg7 27. Rae3 h5 28. g5 b5 $132 {[%csl Rg5,Rh3][%cal
Gg7g2] Santolini,L-Rupeni,F/corr 1993}) 21... Qc7 (21... dxe5 $140 $6 22. fxe5
$18) 22. Nc6 $1 Nxe4 23. Rxe4 $16) 15. Be3 Qc7 (15... Rb8 16. Qd2 Nb6 17. Bf1
Re8 18. a5 $5 (18. Rad1 $6 Bd7 19. Ra1 Qc7 20. e5 $6 Bf5 21. g4 Bc2 22. e6 Bb3
$1 23. a5 N6xd5 24. exf7+ Qxf7 25. Ng5 Qd7 26. Nxd5 Bxd5 27. Bg2 Bxg2 28. Kxg2
Qc6+ $17 {[%cal Gd6d5,Gb8d8] Tuzan,O-Doghri,N/Moscow 1990}) 18... Na8 19. e5 $1
Nc7 20. Ne4 dxe5 21. d6 $16) 16. Bf2 Nb6 (16... Rb8 17. Rc1 Bh6 18. Bg3 Qa5 19.
Ra1 Nb6 20. Bf1 c4 21. f5 $5 Qc5+ 22. Qd4 $1 Qxd4+ 23. Nxd4 Bg7 24. Nf3 Nc2 25.
Bxd6 $16 {Profit,B-Zendrowski,J/ 1993}) 17. Bf1 Re8 18. Qd2 Rb8 19. Rac1 Bd7
20. b3 Nc8 21. e5 $5 b5 $5 22. axb5 Qb7 23. bxa6 Nxa6 24. Ne4 Bf5 25. Nf6+ (25.
Neg5 Ra8) 25... Bxf6 26. exf6 Nb6 27. g4 Be4 28. f5 $1 Nd7 29. Bh4 Kh8 30. Qh6
Rg8 31. Bxa6 Qxd5 32. Ng5 Nxf6 33. Bc4 {1-0 Oei,I-Michaud,P/Avoine 1992}) (
13... Qa5 {[%cal Gb7b5] /\b5} 14. Ra3 (14. Bd2 $5 Nb6 $5 15. b3 Re8 $132 16.
Re1 $140 $6 Nxc4 17. bxc4 Nd3 $17 {[%csl Rc3,Re1,Re4][%cal Gg7a1]}) 14... Qc7
15. Re1 Rb8 16. e5 $5 Nb6 17. b3 (17. Bf1 $6 Bf5 $132 {[%cal Gb4c2]}) 17... Bf5
18. Ne4 dxe5 (18... Bxe4 $5 {[%csl Rd5]} 19. Rxe4 dxe5 20. fxe5 N6xd5 $5 21.
Bxd5 $140 Rbd8 $36) 19. fxe5 Rbd8 20. d6 Qc6 21. Ng3 Bc2 22. Qe2 h6 (22... Nxc4
23. Qxc4 Bd3 24. Qg4 Nc2 25. Rd1 c4 $1 $17 {[%csl Ra3][%cal Gc6c5,Gc5g1,Gc5a3]}
) 23. Bd2 Nxc4 24. Qxc4 Qd5 25. Qh4 Nd3 $36 {[%csl Re1,Re5] Borik,O-Lobron,E/
Randers 1982}) (13... Rb8 14. Be3 {*} Re8 (14... b5 $5) 15. Bf2 b5 (15... Nb6
16. Be2 Na8 $16) 16. axb5 Nb6 17. Be2 axb5 18. Bh4 Bf6 19. Bxf6 Qxf6 20. Bxb5
Bd7 21. Bxd7 Nxd7 22. Qd2 $1 (22. Ra7) 22... c4 23. e5 $1 $16 {Zaitsev,
A-Gufeld,E/Debrecen 1970/Inf 10/137}) (13... Re8 14. Re1 Rb8 (14... Nb6 15. Bf1
a5 $5 $132 {[%csl Gb4,Rd5][%cal Gc5c4]}) (14... Bd4+ $6 15. Nxd4 cxd4 16. Na2
Nxa2 17. Rxa2 Qh4 18. b3 f5 19. e5 $1 $16 {[%csl Ra8,Rc8] Meyer,H-Einarsson,H/
Reykjavik 1984}) (14... b6 $6 15. Be3 Qc7 16. Bf2 Rb8 17. Bg3 b5 $6 18. axb5
Nb6 19. Bf1 c4 20. Bf2 Nd7 21. Qa4 Nd3 22. Bxd3 cxd3 {Gravel,S-Hua,L/Quebec
1999} 23. bxa6 Rxb2 24. Nb5 Rxb5 25. Qxb5 Bxa1 26. Rxa1 $18) (14... Nf8 $6 {
[%csl Rf8]} 15. Be3 Rb8 16. e5 $1 Bf5 17. Rc1 Qd7 18. a5 (18. g4 $5 {[%csl Rf5]
} b5 19. Be2 Bxg4 $5 20. hxg4 Qxg4+ 21. Kf2 dxe5 22. Nxe5 Qh4+ 23. Kg2 Rxe5 $5
24. fxe5 (24. Rh1 $140 $6 Qxh1+ $1 $36) 24... Bxe5 25. Bf3 Qg3+ 26. Kf1 Nd3 $5
$44 {[%csl Rc1,Re1,Rf1,Rf3]}) 18... Rbc8 19. Bf2 (19. g4 $5 {[%csl Rf5]} Bxg4
20. hxg4 Qxg4+ 21. Kf2 dxe5 22. Rg1 Qh3 23. Rg3 $16) 19... Qd8 20. g4 Bd7 21.
Ne4 dxe5 22. fxe5 Qxa5 23. Nd6 $18 {Rodriguez,O-Rohde,M/Alicante 1978}) 15. Be3
b5 (15... b6 16. Bf2 Bb7 17. Qd2 Ba8 18. Re2 f6 19. Rae1 h6 20. g4 g5 21. Bg3
Nf8 22. e5 $5 $36 {[%csl Ge4,Rg8][%cal Gc4g8,Gd2h6] Kordts,W-Weinmann,S/Bayern
2000}) 16. axb5 axb5 17. Bf1 c4 18. Bf2 Na6 19. Nd4 Bxd4 20. Bxd4 Nac5 {
A complicated tactical position arise after} 21. e5 $5 dxe5 22. fxe5 Nb3 {
[%csl Ra1,Rd4]} 23. e6 $5 fxe6 24. dxe6 Nf6 $5 (24... Nf8 $6 25. Ba7 Bxe6 $5
26. Bxb8 Qb6+ 27. Kh1 Nxa1 28. Nd5 $1 {[%csl Re8][%cal Gd5f6,Gd5b6]} Qxb8 29.
Nf6+ Kf7 30. Nxe8 Qxe8 31. Qf3+ Kg7 32. Rxa1 $16 {Cebalo,M-Godena,M/Caorle 1984
}) 25. Nxb5 $5 {[%csl Rb3][%cal Gb3g8]} (25. Ba7 $140 $6 Bxe6 26. Bxb8 Qb6+ 27.
Kh1 Rxb8 $44) 25... Rxb5 26. Bxf6 Qxf6 27. Bxc4 Nd4 $5 (27... Nxa1 $140 $2 28.
Bxb5 Rd8 29. Qxd8+ $1 Qxd8 30. e7 Qb6+ 31. Kh1 Qxb5 32. e8=Q+ Qxe8 33. Rxe8+
Kg7 34. Rxc8 $18) 28. Re4 Bxe6 29. Rxe6 Rxe6 30. Ra8+ Kg7 31. Bxe6 Nxe6 32.
Qd7+ Kh6 33. Qxb5 Nc7 34. Qa5 Nxa8 35. Qxa8 Qxb2 $11) 14. Ng5 ({It is the most
basic typical central breakthrough here!} 14. e5 $5 dxe5 $1 (14... Nb6 $6 15.
b3 $16) 15. d6+ Kh8 16. Ng5 (16. fxe5 Nxe5 17. Nxe5 Bxe5 18. Bh6 Bd4+ 19. Kh1
Qxd6 $1 $44) 16... e4 17. Ne6 Qf6 18. Nxf8 Nxf8 $44 {[%csl Rb2,Rd6][%cal Gf6d4]
}) 14... Nb6 15. Bb3 (15. Be2 a5 $5 {[%csl Gb4][%cal Gc5c4]} (15... h6 $140 $6
16. Ne6 Bxe6 17. dxe6 fxe4 18. a5 $1 $16 {[%csl Rb6,Ge6][%cal Ge2c4,Ga2g8]}))
15... a5 $1 {Black strengthen the square b4. This is the ideal set-up of the
knights, but it is nonstandart way for Modern Benoni.} 16. Be3 (16. Ne6 $140 $2
Bxe6 17. dxe6 c4 18. Bc2 d5 $5 $15 {[%csl Re6]}) 16... fxe4 $5 (16... c4 $5 {
[%csl Gd3]} 17. Bc2 Re8 18. Re1 Bd7 $132) 17. Kh1 (17. Qd2 $140 $6 c4 {[%csl
Gd3,Rd5]} 18. Bc2 Bxc3 19. bxc3 Nxc2 20. Qxc2 Nxd5 21. Qxe4 Nxe3 22. Qxe3 Bf5
$15 {[%cal Gf5d3]}) (17. Qe2 $140 $6 c4 $1 18. Bxc4 Nxc4 19. Qxc4 Nc2 $17 {
[%csl Ra1,Re3]}) (17. Ncxe4 $5 c4 $1 (17... Bxb2 $140 $6 18. Nxc5 $1 dxc5 19.
Bxc5 $36 {[%cal Gc5f8,Gc5b6,Gd5d6,Gb3g8]})) 17... Nd3 $1 {[%csl Rb2]} 18. Qd2
Re8 19. Rab1 {'?!' Ftacnik.} (19. Ngxe4 $140 $6 Nxb2 $17) (19. Ncxe4 $5 Nxb2
20. Rac1 N6xa4 (20... Bf5 $140 $6 21. Nxc5 $1 dxc5 22. Bxc5 $36 {[%csl Gf7]
[%cal Gd5d6,Gb3g8,Gg5f7]}) (20... N2xa4 {Ftacnik} 21. Ne6 Bxe6 22. dxe6 d5 $17)
21. Ne6 Qb6 $13) 19... Bf5 20. g4 h6 $1 21. gxf5 (21. Ne6 $140 $2 Bxe6 22. dxe6
d5 23. f5 Qh4 24. Qg2 d4 $17 {[%csl Gc5,Gd4,Ge4,Rh1][%cal Ga8d8]}) (21. Ngxe4
$140 $2 Bxe4+ 22. Nxe4 Qe7 23. Qxd3 Qxe4+ 24. Qxe4 Rxe4 $17 {[%csl Ra4,Rd5,Re3,
Rf4]}) 21... hxg5 22. fxg5 gxf5 $36 23. Rxf5 {'?' Ftacnik. Ftacnik: 'Very
tempting move destroying black's pawn structure, but attacking concept
starting with 23.Qe2! seems much more promising.'} (23. Qe2 $1 {Ftacnik} Qd7
24. Qh5 Rf8 (24... Rac8 $2 {Ftacnik} 25. g6 Bd4 26. Bxd4 cxd4 27. Nb5 Nc5 28.
Nxd6 $1 Nxb3 29. g7 Qxd6 30. Rxf5 $18) 25. g6 Be5 26. Bh6 c4 27. Bc2 $13) 23...
Qd7 24. Rbf1 Re5 $1 {[%csl Rh3][%cal Gd7h3]} 25. Rf7 (25. Nxe4 Rxf5 26. Qxd3
$140 $2 c4 $1 $19 {[%csl Re3,Rh3]}) 25... Qxh3+ 26. Qh2 (26. Kg1 $140 $2 Rxg5+
$1 27. Bxg5 Bd4+ $19) 26... Qxh2+ 27. Kxh2 Rf8 $1 $15 28. Rxf8+ Bxf8 29. Rf6 $5
c4 (29... Nxb2 $140 $6 30. Bf4 (30. Bxc5 $6 dxc5 31. Rxb6 e3 $1 $19) 30... Re8
31. Bxd6 Bg7 32. Re6 $1 $13) 30. Bd1 (30. Ba2 $5 {[%csl Rd6][%cal Ga2g8]} Nd7
31. Re6 $5 Nxb2 (31... Rxe6 $6 32. dxe6 N7e5 {/\Ng4} 33. Kg3 Be7 34. Nxe4 Nxb2
35. Nf6+ Kf8 36. Nd7+ Ke8 37. Nxe5 dxe5 38. Kg4 $14) 32. Bd4 e3 $1 (32... Rxg5
$6 33. Nxe4 Rxd5 34. Bxb2 $1 Kf7 35. Bxc4 Kxe6 36. Nc3 $1 (36. Ng5+ $6 Kf5 37.
Bxd5 Kxg5 38. Bxb7 $15) 36... Nb6 37. Bb3 $16 Bh6 $140 $6 38. Kg3 Bd2 39. Nxd5
Nxd5 40. Kf3 $18) 33. Bxe5 Nxe5 34. Kg3 e2 35. Nxe2 (35. Kf2 $140 $2 Nd1+ $19)
35... Nxa4 36. Re8 b5 37. Ra8 b4 38. Rxa5 Nc5 $44 {[%csl Ra2,Gb4,Gc4,Gc5,Ge5,
Gf8]}) 30... Nd7 31. Rg6+ (31. Re6 N7c5 32. Rxe5 dxe5 33. Bg4 Nxb2 34. Bxc5
Bxc5 35. Nxe4 Bb4 36. Be6+ (36. d6 $6 Nxa4 37. d7 Be7 38. Be6+ Kg7 39. Bxc4 Nb2
$17) 36... Kf8 37. d6 Nxa4 38. Bxc4 Nc5 $1 $17) 31... Kh7 32. Re6 N7c5 33. Rf6
$6 $17 {'?' Ftacnik. Ftacnik: 'The final mistake, as all white's pawns are
weak and counterplay remains a distant dream.'} (33. Rxe5 $5 dxe5 (33... Nxe5
$2 {Ftacnik} 34. Bxc5 dxc5 35. Nxe4 $16) 34. Kg3 (34. Bh5 Nxb2 35. Be8 $1 $15)
34... Nxb2 (34... Kg6 35. Kh4 Nxb2 36. Bh5+ Kg7 37. Be8 $44) 35. Bc2 Ncd3 36.
Nxe4 Nb4 37. Bc1 N2d3 38. Bxd3 Nxd3 39. Bd2 $44 {[%csl Ra5,Gd5,Gg5]}) 33... Kg8
$6 (33... Be7 $1 34. Rh6+ Kg8 35. g6 Bg5 $19) 34. Bh5 Be7 35. Rh6 Kf8 36. Rh8+
(36. Bd4 $5 Bxg5 $1 (36... Rxg5 $140 $6 37. Rh8+ Rg8 38. Rh7 $11) 37. Rh8+ (37.
Bxe5 Bxh6 38. Bxd6+ Kg7 {/\Bc1} 39. Be2 Bd2 $1 $19 {[%csl Ra4]}) 37... Kg7 38.
Bxe5+ Nxe5 39. Re8 Bc1 40. Nb5 Ned3 $1 41. Kg1 (41. Nxd6 $140 $4 Bf4+ $19)
41... Bf4 $19 {[%csl Rb2,Ge4]}) 36... Kg7 37. Re8 Bxg5 $1 $19 38. Rxe5 Bxe3 $1
39. Re7+ Kf6 40. Rf7+ Kg5 41. Bd1 Bd4 42. Kg2 Nxb2 43. Nb5 Be5 44. Bc2 Nbd3 45.
Kf1 Nb4 46. Bb1 Nxd5 0-1

[Event "Corus"]
[Site "Wijk aan Zee"]
[Date "2004.01.14"]
[Round "4"]
[White "Topalov, Veselin"]
[Black "Akopian, Vladimir Eduardovic"]
[Result "1-0"]
[WhiteElo "2735"]
[BlackElo "2693"]
[Annotator "Lukacs,P"]
[PlyCount "117"]
[EventDate "2004.01.10"]
[EventType "tourn"]
[EventRounds "13"]
[EventCountry "NED"]
[EventCategory "19"]
[SourceTitle "CBM 099"]
[Source "ChessBase"]
[SourceDate "2004.03.30"]
[SourceVersion "1"]
[SourceVersionDate "2004.03.30"]
[SourceQuality "1"]

1. e4 {[%mdl 32]} c6 2. d4 d5 3. Nc3 dxe4 4. Nxe4 Bf5 5. Ng3 Bg6 6. h4 h6 7.
Nf3 Nd7 8. h5 Bh7 9. Bd3 Bxd3 10. Qxd3 e6 11. Bf4 Ngf6 12. O-O-O Be7 13. Kb1
O-O 14. Ne4 Nxe4 15. Qxe4 Nf6 16. Qe2 Qd5 17. Ne5 (17. Be3 $143 {cannot be
recommended, the B is too passive here.} Rfd8 (17... Nxh5 $6 18. g4 $40) (17...
Ng4 18. Bc1) 18. Ne5 c5 19. f3 cxd4 20. Bxd4 Qa5 21. Rhe1 Qc7 22. g4 Bc5 23.
Bxc5 Qxc5 $11 {Gershenzon-Kruppa, Dnepropetrovsk 1993}) (17. Be5 b5 18. Rd3 {
avoids the exchange of Q, but unfortunately this was White's main threat
getting a slightly better _|_.} Rfd8 19. Rg1 Ng4 20. Bc7 Rdc8 21. Bf4 c5 22.
Ne5 Nf6 23. dxc5 Qxc5 24. Rg3 Kf8 25. Rf3 Rd8 26. g4 Rd5 27. Nd3 Qc4 28. g5
hxg5 29. Bxg5 $13 {Firman-Ekstroem, Lausanne 2001}) 17... Qe4 18. Qxe4 (18. Qd2
$6 {is completely illogical.} Nd5 19. Bg3 Rfd8 20. Rde1 Qf5 21. Nd3 Rac8 22.
Be5 c5 23. dxc5 f6 24. g4 Qf3 25. Bd4 Qxg4 26. Be3 Qf5 $17 {Kupreichik-Lobron,
Ljubljana/Portoroz 1989}) 18... Nxe4 19. Rhe1 $1 {In general White is happy to
get a slightly better _|_ right after the opening. However with precise play
Black can neutralize the pressure, just without any winning chances.} (19. Rhf1
Bg5 {1/2:1/2 A.Sokolov-Dautov, Bled ol 2002}) (19. Be3 Rfd8 20. c4 Rac8 (20...
Kf8 21. g4 Nf6 22. f3 Nd7 23. f4 a6 24. Kc2 Nxe5 25. dxe5 $14 {Stefansson-S.
Kasparov, Tanta City 2001}) 21. g4 Nf6 22. f3 $14) 19... Nf6 (19... Nxf2 $2 20.
Rd2 Bh4 21. Ree2 $1 $16 {and the N is trapped.}) 20. g4 Rfd8 (20... c5 {
is the other main alternative here.} 21. dxc5 Bxc5 22. Nd7 $5 {penetrating on
the 7-th rank deserves attention.} (22. Be3 {White is certainly slightly
better because of the << P majority, the pressure on the d <-> and the strong
centralized N, but if Black defends himself carefully he can consolidate his
position.} Rfc8 (22... Bxe3 23. Rxe3 Rfd8 24. Red3 Rxd3 25. Rxd3 Kf8 26. c4 Ke7
{neutralizing White's pressure on the d <->.}) 23. c4 Kf8 24. Bxc5+ Rxc5 25. f4
Rc7 26. Rd4 Ke7 27. Red1 Re8 28. b3 {1/2:1/2 V.Gurevich-Khlian, Azov 1995}) (
22. f3 Rfd8 {- 20....Rfd8}) 22... Nxd7 23. Rxd7 Bxf2 24. Rf1 Bc5 25. Rxb7 $14)
21. f3 (21. c4 c5 $1 22. Be3 (22. dxc5 Bxc5 23. f3 {- 21.f3}) 22... Bd6 (22...
cxd4 23. Rxd4 Rxd4 24. Bxd4 {and the white B is finally on the right /^.}) 23.
f3 Rac8 24. b3 a6 ({There is no need to hurry with} 24... cxd4 $143 25. Bxd4
Bb4 26. Rf1 a6 27. Kb2) 25. Bf2 cxd4 26. Bxd4 Bb4 27. Rg1 (27. Rf1 Rxd4 (27...
b5 $5) 28. Rxd4 Bc3 29. Rfd1 {- 27.Rg1}) 27... Rxd4 $5 (27... b5) 28. Rxd4 Bc3
29. Rgd1 Bxd4 30. Rxd4 $14 {and White has a P majority on the <<, plus the
better placed pieces, Areshchenko-Grant, Istanbul 2003 CBM 96.}) (21. Be3 {
Kasparov-Anand, Linares 2003 CBM 94}) (21. c3 {/\ Kc2} c5 22. dxc5 Bxc5 23. f3
Rxd1+ (23... Nd5 24. Bd2 Bd6 25. Nd3 Rac8 26. Re2 Kf8 27. Rh1 Rc4 28. Kc2 Rdc8
29. Re4 Nb4+ 30. Nxb4 Rxb4 31. Bf4 Rb6 32. Be3 Bc5 33. Bf4 Bd6 34. Bd2 {
White certainly wants to avoid the repetition of moves.} Rbc6 35. a4 $14 {
Kalezic-Mateuta, Bucharest Blue Autumn 2002}) (23... Rac8 24. Bc1 Bf2 25. Rf1
Bb6 26. Rxd8+ Rxd8 27. Kc2 {It is advisable for White to exchange one pair of
rooks and keep the other.} Kf8 28. Re1 Bc7 29. Nd3 Bb6 30. a4 $14 {
Guseinov-Mchedlishvili, EU-chT 2003}) 24. Rxd1 Nd5 25. Nd3 Be7 26. Bc1 Rd8 27.
Kc2 f6 28. Nf4 Kf7 29. a3 b5 {blockading the light squares.} 30. Nxd5 Rxd5 31.
Rxd5 {1/2:1/2 Lutz-Dorfman, Bled ol 2002}) (21. Rd3 c5 22. Red1 cxd4 23. Rxd4
Rxd4 24. Rxd4 Rd8 25. Rxd8+ Bxd8 {Without rooks White's advantage is only
microscopical.} 26. c4 Bc7 27. f3 Nh7 28. b4 f6 {attacking soon >< f3} 29. Nd3
Bxf4 30. Nxf4 Ng5 $11 {Thorteins-Lobron, Reykjavik op 1984}) 21... Rac8 (21...
c5 22. dxc5 Bxc5 23. c4 {/\ Kc2} Bf2 (23... Kf8 24. Kc2 Ke7 25. Rd3 Rac8 26.
Red1 Rxd3 27. Nxd3 Bd4 28. Kb3 Nd7 29. Bd2 e5 $11 {and Black gets reasonable
counterchances on the >>, Andreev-Bets, Alushta Golden Autumn 2001.}) (23...
Rac8 24. Rxd8+ Rxd8 25. Kc2 Kf8 26. a3 {/\ b4 and a quick advance of pawns on
the << is White's main threat.} Ke8 27. b4 Bd6 28. Rd1 Bc7 29. Rxd8+ Bxd8 30.
Be3 a6 31. Bd4 $14 {Kovalev-Kruppa, Berliner Summer 1993}) 24. Rf1 Bd4 25. Rd3
Bxe5 26. Rxd8+ Rxd8 27. Bxe5 Nh7 28. b3 f6 29. Bf4 f5 30. Re1 fxg4 31. fxg4 Nf6
{and again Black has ample play against the weakened pawns on the >>.} 32. Rxe6
Kf7 33. Re5 Nxg4 $11 {Lutz-Khenkin, Bundesliga 2002}) (21... Nd7 22. Nc4 Nf8
23. Na5 Rd7 24. c3 Rc8 25. Kc2 Bd8 26. Nc4 Bc7 27. Bc1 f6 28. b3 b5 29. Nb2 Kf7
30. Nd3 $14 {Ginzburg-Bykhovsky, Israel Int op 2003}) 22. c3 c5 (22... Kf8 23.
Kc2 Nd5 24. Bc1 c5 {Soon or later Black has to play this freeing move.} 25.
dxc5 Rxc5 26. f4 b5 27. a3 Kg8 28. g5 hxg5 29. fxg5 $14 {Shirov-Kramnik,
RUS-The World rapid 2002}) 23. dxc5 Bxc5 (23... Nd5 24. Bc1) 24. Rxd8+ Rxd8 25.
c4 $14 {White's hopes are based on the advance of his << P majority.} Kf8 26.
Kc2 Ke8 27. Nd3 Bd4 28. b3 Rc8 29. a4 a6 30. a5 {White has to gain space on
the <<.} Nd7 (30... Nd5 31. Bd2 $14 {- 30...Nd7}) 31. Re4 Ba1 32. Bd6 Nf6 33.
Re1 Bd4 34. Bb4 Nd5 35. Bd2 Nf6 36. Bc3 {The exchange of the bishops was
inevitable for a winning attempt.} Bxc3 37. Kxc3 {Now a typical _|_ has arisen,
compare to the game Areshchenko-Grant, Istanbul 2003 CBM 96.} Ke7 {On any
other attempt b4 may come soon.} (37... Nd5+ 38. Kd4 Ne7 39. b4 $14) (37... Nd7
38. b4 $14) 38. b4 Nd7 39. Re2 Rf8 $6 {Black wants to create some active
counterplay on the other flank. However this allows a quick advance on the <<.}
(39... Rc7 {was the passive defence.} 40. c5 (40. f4 $143 {It is better for
White to keep quiet on the >> and concentrate to the other flank.} Nf6 41. f5
$5 (41. Rg2 Rd7 $1 42. Nc5 Rd1 $132 (42... Rc7 43. Kd4)) 41... Nxg4 42. fxe6
fxe6 43. Nc5 Kf6 44. Nxe6 Re7 45. Re4 Rxe6 46. Rxg4 Kf7 $14) (40. Kd4 Rc6 $14)
40... Nf6 41. Ne5 Nd5+ 42. Kc4 $14) 40. b5 $1 g5 (40... Ra8 41. Kb4 $16) 41.
Rb2 {/\ bxa6 and Rb7.} Kd6 (41... f5 {was consequent, but then comes the
penetration on the seventh rank.} 42. bxa6 bxa6 43. Rb7 fxg4 44. fxg4 Kd6 45.
Ra7 $16) 42. bxa6 bxa6 43. Rb7 $1 Ra8 {The R has to defend the a P passively.}
44. Nb4 $1 {Now the black K cannot come for a defence to the <<.} (44. Kd4 {
allows} Kc6 (44... e5+ $2 {founders on} 45. Nxe5 $1 Nxe5 46. c5+ $18) 45. Rb1
f6 46. c5 Rd8 $14) 44... f5 $2 {Black still organizes his counterblow on the
other flank, but in the P race White comes first.} (44... Ne5 {defending
against the push c5-c6 was more stubborn.} 45. Rb6+ (45. Nd3 Nd7) 45... Ke7 46.
Rxa6 Rxa6 47. Nxa6 Nc6 48. Nb4 Nxa5 49. c5 Kd7 $14) 45. gxf5 exf5 46. Kd4 g4
47. fxg4 fxg4 48. c5+ $1 {and there is no defence against the winning march of
the o^.} Ke6 49. c6 $18 Nf6 50. c7 Rc8 51. Nxa6 (51. Rb6+ Kf5 52. Nxa6 g3 53.
Ke3 $18 {was an easy win as well.}) 51... g3 (51... Nxh5 52. Rb6+ Kd7 53. Rxh6
Nf4 54. Ke5 $18) 52. Rb3 (52. Rb6+ $1 {was again more precise.} Ke7 (52... Kf5
53. Ke3) 53. Ke3 $18) 52... Nxh5 53. Kc5 $1 (53. Rb6+ Kf5 54. Ke3 g2 55. Rb5+
Kf6 (55... Kg4 56. Kf2) 56. Rb1 Ke5 {was not so effective.}) 53... g2 (53...
Kd7 54. Kb6 $18) 54. Rb1 Nf4 55. Kc6 {The active white K decides the battle.}
h5 56. Kb7 Rg8 57. Nc5+ Kd5 (57... Kd6 58. Ne4+ Ke5 59. Nf2 Kd4 60. a6 Ke3 61.
Ng4+ $1 $18) 58. Nd7 Ke6 59. c8=Q 1-0